00343nam a2200121Ia 4500008004100000082000900041100001400050245003400064260004900098365000600147630003400153730003400187100415s9999 xx 000 0 und d b7617 aPatel,R.I aForest Flora Of Gujarat State aBARODAc1971bGujarat State Forest Deparment b0 aForest Flora Of Gujarat State aForest Flora Of Gujarat State